Statistics for 2021/22 EIHL top goalies

Click here to take the quiz!

General Stats

  • This quiz has been taken 7 times
  • The average score is 4 of 10

Answer Stats

SVS.%Answer% Correct
93.10%Tyler Beskorowany
71%
91.09%Kevin Carr
57%
93.67%Mac Carruth
57%
91.12%C.J. Motte
43%
91.71%Jackson Whistle
43%
92.53%Rok Stojanovic
43%
91.28%Shane Owen
29%
91.06%Taran Kozun
29%
90.95%Kevin Lindskoug
14%
100%Curtis Warburton
0%

Score Distribution

Percentile by Number Answered

Percent of People with Each Score

Your Score History

You have not taken this quiz